Catálogo
 En Linea

El otro Julio Llort: (Registro nro. 50680)

Detalles MARC
000 -CABECERA
campo de control de longitud fija 00974nam a2200265 a 4500
003 - IDENTIFICADOR DEL NÚMERO DE CONTROL
campo de control DO-SdBNP
005 - FECHA Y HORA DE LA ÚLTIMA TRANSACCIÓN
campo de control 20211001153803.0
007 - CAMPO FIJO DE DESCRIPCIÓN FÍSICA--INFORMACIÓN GENERAL
campo de control de longitud fija ta
008 - DATOS DE LONGITUD FIJA--INFORMACIÓN GENERAL
campo de control de longitud fija 211001e2017 dr a|||grc||| 001 0dspa d
040 ## - FUENTE DE LA CATALOGACIÓN
Centro catalogador/agencia de origen DO-SdBNP
Lengua de catalogación spa
Centro/agencia transcriptor BNPHU
082 #4 - NÚMERO DE LA CLASIFICACIÓN DECIMAL DEWEY
Número de documento/Ítem L792o
Número de edición 22
100 1# - ENTRADA PRINCIPAL--NOMBRE DE PERSONA
Nombre de persona Llort, Julio
9 (RLIN) 24581
245 03 - MENCIÓN DE TÍTULO
Título El otro Julio Llort:
Resto del título pinturas dibujos /
Mención de responsabilidad, etc. Julio Llort; Marianne de Tolentino, textos; Mariano Hernández, Ariel Martes, fotogr.;
260 ## - PUBLICACIÓN, DISTRIBUCIÓN, ETC.
Lugar de publicación, distribución, etc. Santo Domingo :
Nombre del editor, distribuidor, etc. Galería Nacional Bellas Artes, Palacio de Bellas Artes,
Fecha de publicación, distribución, etc. 2017
300 ## - DESCRIPCIÓN FÍSICA
Extensión 129 p. :
Otras características físicas il.;
Dimensiones 28 cm.
500 ## - NOTA GENERAL
Nota general Incluye biografía del autor la cubierta.
590 ## - NOTA LOCAL (RLIN)
Nota local Inventariado 2021 / MF
600 #0 - PUNTO DE ACCESO ADICIONAL DE MATERIA--NOMBRE DE PERSONA
9 (RLIN) 24581
Nombre de persona Llort, Julio
650 #4 - PUNTO DE ACCESO ADICIONAL DE MATERIA--TÉRMINO DE MATERIA
Término de materia o nombre geográfico como elemento de entrada Pintura
Subdivisión general Exposiciones
9 (RLIN) 80083
650 #4 - PUNTO DE ACCESO ADICIONAL DE MATERIA--TÉRMINO DE MATERIA
Término de materia o nombre geográfico como elemento de entrada Arte dominicano
Subdivisión general Exposiciones
9 (RLIN) 54101
700 12 - PUNTO DE ACCESO ADICIONAL--NOMBRE DE PERSONA
9 (RLIN) 73333
Nombre de persona Tolentino, Marianne de,
Fechas asociadas al nombre 1951-
Término indicativo de función/relación textos.
700 12 - PUNTO DE ACCESO ADICIONAL--NOMBRE DE PERSONA
9 (RLIN) 78369
Nombre de persona Hernández, Mariano
Término indicativo de función/relación fotogr.
700 12 - PUNTO DE ACCESO ADICIONAL--NOMBRE DE PERSONA
Nombre de persona Martes, Ariel,
Término indicativo de función/relación fotogr.
9 (RLIN) 80078
942 ## - ELEMENTOS DE PUNTO DE ACCESO ADICIONAL (KOHA)
Fuente del sistema de clasificación o colocación Dewey Decimal Classification
Tipo de ítem Koha Libro
Existencias
Estado de retiro Estado de pérdida Fuente del sistema de clasificación o colocación Restricciones de uso No para préstamo Código de colección Localización permanente Ubicación/localización actual Ubicación en estantería Fecha de adquisición Fuente de adquisición Total de préstamos Signatura topográfica completa Código de barras Fecha visto por última vez Precio válido a partir de Tipo de ítem Koha Número de copia
    Dewey Decimal Classification Préstamo en sala   Dominicana de Servicio Biblioteca Nacional Pedro Henríquez Ureña General Depósito 19.06.2018 Donado por la Galería Nacional de Bellas Artes   L792o 2021-27118 01.10.2021 01.10.2021 Libro y Folleto Colección Dominicana de Servicio e.3
    Dewey Decimal Classification Excluido de préstamo   Patrimonio Dominicano Biblioteca Nacional Pedro Henríquez Ureña Patrimonio Dominicano Depósito 19.06.2018 Donado por la Galería Nacional de Bellas Artes   L792o 2021-27116 01.10.2021 01.10.2021 Libro y Folleto Colección Patrimonio Dominicano  
    Dewey Decimal Classification Excluido de préstamo   Patrimonio Dominicano Biblioteca Nacional Pedro Henríquez Ureña Patrimonio Dominicano Depósito 19.06.2018 Donado por la Galería Nacional de Bellas Artes   L792o 2021-27117 01.10.2021 01.10.2021 Libro y Folleto Colección Patrimonio Dominicano e.2

Con tecnología Koha